000 00830nam a2200229Ia 4500
003 GCL
008 140319s9999 xx 000 0 ara d
020 _a0126320977
040 _aGCL /
_cGCL
082 0 4 _a353.13273
_bأ م
100 1 _aاوتاوى، مارينا
245 1 0 _aالمعونة الاجنبية لدعم الديموقراطية هل هى تمويل لنشر الفضيلة ؟ /
_cاوتاوى، مارينا
700 1 _aكاروذرز، توماس
700 1 _aمحمود بكر
250 _aالاولى
260 _aالقاهرة :
_bمركز الاهرام للترجمة والنشر ،
_c2006
300 _a338 ص ؛
_c24 سم
650 0 4 _aالقروض الاجنبية
650 0 4 _aالمعونة الاقتصادية
650 0 4 _aالمساعدات الاجنبية
942 _2ddc
_cBK
999 _c9256
_d9256